Ιστορίες που ταξιδεύουν με το Μαρίνο και τη Μαρίνα
Saved in:
| Main Author: | |
|---|---|
| Other Authors: | |
| Format: | Book |
| Language: | Greek |
| Published: |
Αθήνα :
Πατάκης,
1995.
|
| Edition: | 5η έκδοση. |
| Series: | Σύγχρονη λογοτεχνία για παιδιά και για νέους. Συλλογή Χελιδόνια ;
v.21 |
| Subjects: | |
| Tags: |
Add Tag
No Tags, Be the first to tag this record!
|
MARC
| LEADER | 00000cam a2200000 a 4500 | ||
|---|---|---|---|
| 001 | 1/115621 | ||
| 008 | 180110p19931995gr | ||| |||| ||gre|| | ||
| 020 | |a 9602938390 | ||
| 040 | |a GR-MyUa |b gre |c GR-MyUa |e AACR2 | ||
| 041 | 0 | |a gre | |
| 082 | 7 | |a 808.0683 |2 (23) | |
| 100 | 1 | |a Πέτροβιτς-Ανδρουτσοπούλου, Λότη, |d 1937- | |
| 245 | 1 | 0 | |a Ιστορίες που ταξιδεύουν με το Μαρίνο και τη Μαρίνα / |c Λότη Πέτροβιτς-Ανδρουτσοπούλου ; εικονογράφηση: Σπύρος Ορνεράκης. |
| 250 | |a 5η έκδοση. | ||
| 260 | |a Αθήνα : |b Πατάκης, |c 1995. | ||
| 300 | |a 103 σ. : |b εικ. ; |c 21 εκ. | ||
| 490 | 1 | |a (Σύγχρονη λογοτεχνία για παιδιά και για νέους. Συλλογή χελιδόνια |v ; vol.21) | |
| 650 | 0 | |a Young adult literature. | |
| 650 | 0 | |a Children's literature, Greek (Modern) | |
| 650 | 0 | |a Young adult fiction. | |
| 700 | 1 | |a Ορνεράκης, Σπύρος Λυκ., |d 1942- |e ill | |
| 830 | 0 | |a Σύγχρονη λογοτεχνία για παιδιά και για νέους. |p Συλλογή Χελιδόνια ; |v v.21 | |
| 852 | |a INST |b RHODES |e 20180110 |h 808.0683 ΠΕΤ |p 005400039732 |q 005400039732 |t BK |y 0 | ||
| 970 | |z 10-01-2018 | ||